01646nam a2200385Ia 4500001001200000003000800012006001900020007001500039008004100054010001700095020001800112020001500130040002100145035002100166050002300187245009800210260018700308300002500495490002900520500003300549504005600582533015200638650002700790651003900817655002900856700002800885700004200913710006700955710003401022710002001056710001701076830002601093856012601119999001501245ebr10267535CaPaEBRm u cr cn|||||||||080715s2008 enkab sb 100 0 eng d z 2008275054 z9781845116903 z1845116909 aCaPaEBRcCaPaEBR a(OCoLC)61459532714aDS286b.S27 2008eb04aThe Sasanian erah[electronic resource] /cedited by Vesta Sarkhosh Curtis and Sarah Stewart. aLondon ;aNew York, NY :bI.B. Tauris in association with The London Middle East Institute at SOAS and The British Museum ;aNew York, NY :bDistributed by Palgrave Macmillan,c2008. a175 p. :bill., map.1 aThe idea of Iran ;vv. 3 aProceedings of two symposia. aIncludes bibliographical references (p. [158]-175). aElectronic reproduction.bPalo Alto, Calif. :cebrary,d2011.nAvailable via World Wide Web.nAccess may be limited to ebrary affiliated libraries. 0aSassanidsvCongresses. 0aIranxHistoryyTo 640vCongresses. 7aElectronic books.2local1 aCurtis, Vesta Sarkhosh.1 aStewart, Sarahq(Sarah Rosemary Anne)2 aUniversity of London.bSchool of Oriental and African Studies.2 aLondon Middle East Institute.2 aBritish Museum.2 aebrary, Inc. 0aIdea of Iran ;vv. 3.40uhttp://site.ebrary.com/lib/rucke/Doc?id=10267535zAn electronic book accessible through the World Wide Web; click to view c9514d9514